Airliners of American Airlines - Statistics

General Stats
  • This quiz has been taken 124 times
  • The average score is 8 of 16
Answer Stats
Answer % Correct
Airbus A320-200ceo
95%
Airbus A321-200ceo
90%
Airbus A319-100
77%
Boeing 777-300ER
69%
Boeing 787-8
64%
Boeing 787-9
64%
Boeing 737-800
63%
Boeing 777-200ER
57%
Boeing 737 Max 8
51%
Bombardier CRJ900
41%
Embraer E175LR
41%
Embraer E170
36%
Bombardier CRJ700
34%
Bombardier CRJ200
27%
Airbus A321-200neo
22%
Embraer E145
12%
No matching quizzes found
Score Distribution
Percent of People with Each Score
Percentile by Number Answered
Your Score History
You have not taken this quiz